[Event "Europa Clubs Cup (Maenner)"]
[Site "Rethymnon (Kreta)"]
[Date "2003.10.01"]
[Round "4"]
[White "Bacrot, Etienne"]
[Black "Socko, Bartosz"]
[Result "1-0"]
[WhiteElo "2645"]
[BlackElo "2551"]
[PlyCount "115"]
[EventDate "2003.09.28"]

1. d4 Nf6 2. c4 e6 3. Nc3 Bb4 4. Nf3 O-O 5. Bg5 c5 6. Rc1 h6 7. Bh4 cxd4 8.
Nxd4 Nc6 9. e3 e5 10. Bxf6 Qxf6 11. Ndb5 Rd8 12. Be2 d6 13. O-O Bxc3 14. Nxc3
Be6 15. Qb3 Rd7 16. Rfd1 Rad8 17. Rd2 Qg6 18. Rcd1 e4 19. Qc2 Bf5 20. Kh1 Ne5
21. Rd5 Rc8 22. Qa4 Qf6 23. Kg1 a6 24. R1d4 Nc6 25. Rd2 Ne5 26. Qd1 Rcd8 27.
Na4 Be6 28. Rxd6 Rxd6 29. Rxd6 Rxd6 30. Qxd6 Bxc4 31. Qb8+ Kh7 32. Bxc4 Nxc4
33. Qxb7 Qe5 34. Qxf7 Nxb2 35. Nxb2 Qxb2 36. g4 Qe2 37. h3 Qd3 38. Kg2 Qa3 39.
Kg3 Qd6+ 40. Qf4 Qc6 41. Qe5 Qc4 42. a3 Qc2 43. Qe6 Qa4 44. Qf5+ Kh8 45. Qf8+
Kh7 46. Kf4 Qc2 47. Kg3 Qc7+ 48. Kg2 Qc6 49. h4 Qc4 50. Qf5+ g6 51. Qd7+ Kg8
52. Qe7 Qd5 53. Qf6 Kh7 54. Qxa6 Qf7 55. Qe2 Qb3 56. Qd2 Qf7 57. Qd1 Qe7 58.
Qd5 1-0

[Event "Europa Clubs Cup (Maenner)"]
[Site "Rethymnon (Kreta)"]
[Date "2003.10.01"]
[Round "4"]
[White "Stojanovski, Dejan"]
[Black "Najer, Evgeniy"]
[Result "1/2-1/2"]
[WhiteElo "2440"]
[BlackElo "2608"]
[PlyCount "184"]
[EventDate "2003.09.28"]

1. e4 c5 2. Nf3 d6 3. d4 cxd4 4. Nxd4 Nf6 5. Nc3 a6 6. Be3 e5 7. Nb3 Be6 8. f3
h5 9. Qd2 Nbd7 10. O-O-O Rc8 11. Kb1 Be7 12. h3 h4 13. Bd3 b5 14. f4 Qc7 15.
Rhe1 Bc4 16. Qf2 O-O 17. fxe5 dxe5 18. Bg5 b4 19. Bxc4 bxc3 20. Bxa6 Rb8 21.
Bxh4 Qc6 22. Qe2 Nc5 23. Bxf6 Bxf6 24. Bc4 Na4 25. Bd5 Qc7 26. Rd3 Nxb2 27. Rf3
Rb6 28. Ref1 Qe7 29. Rxc3 Na4 30. Rcf3 Qa3 31. c4 Rfb8 32. c5 Nxc5 33. Qc4 Ne6
34. Qc1 Qe7 35. Rc3 g6 36. Rc8+ Kg7 37. Rxb8 Rxb8 38. g3 Nc7 39. Bc4 Nb5 40.
Bxb5 Rxb5 41. Qc4 Rb4 42. Qd5 Bg5 43. h4 Be3 44. g4 Bf4 45. Rh1 Rb8 46. h5 Rh8
47. Qd1 Qe6 48. Qf3 Rc8 49. hxg6 Qxg6 50. Re1 Qe6 51. Qe2 Rc3 52. Qd1 Qb6 53.
Qd5 Qf2 54. Rh1 Qc2+ 55. Ka1 Rc6 56. Qd8 Qc3+ 57. Kb1 Qc2+ 58. Ka1 Rc8 59. Qd5
Qc3+ 60. Kb1 Qc2+ 61. Ka1 Qc3+ 62. Kb1 Bg5 63. Rf1 Qc2+ 64. Ka1 Qc3+ 65. Kb1
Rc7 66. Qd1 Qc4 67. Re1 Qb4 68. Qe2 Rc4 69. Rh1 Rxe4 70. Qh2 Re1+ 71. Rxe1
Qxe1+ 72. Kb2 e4 73. Kc2 Bf6 74. Qd2 Qg3 75. Qe2 Qe5 76. Qe3 Qd5 77. Qd2 Qc4+
78. Kd1 Qf1+ 79. Qe1 Qd3+ 80. Qd2 Qf1+ 81. Qe1 Qf4 82. Qe2 Bg5 83. Kc2 Qc7+ 84.
Kd1 Qd6+ 85. Kc2 Qc7+ 86. Kd1 Qd6+ 87. Kc2 Qc6+ 88. Kd1 Kh6 89. Qh2+ Kg6 90.
Qh5+ Kf6 91. Qh8+ Kg6 92. Qh5+ Kf6 1/2-1/2

[Event "Europa Clubs Cup (Maenner)"]
[Site "Rethymnon (Kreta)"]
[Date "2003.10.01"]
[Round "4"]
[White "Tkachiev, Vladislav"]
[Black "Galkin, Alexander"]
[Result "1/2-1/2"]
[WhiteElo "2654"]
[BlackElo "2607"]
[PlyCount "38"]
[EventDate "2003.09.28"]

1. d4 d5 2. c4 e6 3. Nf3 c6 4. e3 Bd6 5. Bd3 f5 6. O-O Qe7 7. b3 Nf6 8. Bb2 O-O
9. Qc1 Ne4 10. Ba3 Nd7 11. Bxd6 Qxd6 12. Nc3 b6 13. cxd5 exd5 14. Qb2 Bb7 15.
Rac1 Rf6 16. Ne2 Re8 17. Ng3 Rff8 18. Rfe1 Re6 19. b4 Rh6 1/2-1/2

[Event "Europa Clubs Cup (Maenner)"]
[Site "Rethymnon (Kreta)"]
[Date "2003.10.01"]
[Round "4"]
[White "Korchnoi, Victor"]
[Black "Rublevsky, Sergei"]
[Result "1/2-1/2"]
[WhiteElo "2628"]
[BlackElo "2672"]
[PlyCount "186"]
[EventDate "2003.09.28"]

1. c4 e5 2. Nc3 Nf6 3. Nf3 Nc6 4. a3 d5 5. cxd5 Nxd5 6. Qc2 Be7 7. e3 O-O 8.
Bb5 Bg4 9. Qd3 Nxc3 10. Qxd8 Nxd8 11. bxc3 e4 12. Ne5 Be6 13. Be2 f5 14. d4
exd3 15. Nxd3 Nc6 16. Rb1 Na5 17. Nf4 Ba2 18. Rb2 Bf7 19. Rb5 Nb3 20. O-O Nc5
21. c4 Rad8 22. h3 c6 23. Rb2 Bf6 24. Rc2 Ne4 25. Bb2 Bxb2 26. Rxb2 Rd7 27. Rc1
Rfd8 28. h4 b6 29. g4 fxg4 30. Bxg4 Rd2 31. Rxd2 Rxd2 32. Bf3 Nxf2 33. c5 Nd3
34. cxb6 Ne5 35. Bxc6 axb6 36. Be4 Nc4 37. Bd3 b5 38. a4 bxa4 39. Bxc4 Bxc4 40.
Rxc4 a3 41. Rc8+ Kf7 42. Rc7+ Ke8 43. Ne6 a2 44. Nxg7+ Kf8 45. Ne6+ Kg8 46.
Rc8+ Kf7 47. Ng5+ Kg6 48. Rc6+ Kh5 49. Ra6 h6 50. Nh3 Rb2 51. Ra4 Rb1+ 52. Kg2
a1=Q 53. Rxa1 Rxa1 54. Kg3 Kg6 55. Kg4 Ra5 56. Nf4+ Kf6 57. Nh5+ Ke5 58. Kf3
Ra4 59. Nf4 Kf5 60. Ng2 Ra1 61. Nf4 Rh1 62. Kg3 Rg1+ 63. Kf3 Ra1 64. Ne2 Ke5
65. Nf4 Rg1 66. Kf2 Rg8 67. Kf3 Kf5 68. Ne2 Ke5 69. Ng3 Rg7 70. Nh5 Rg6 71. Nf4
Rf6 72. Kg4 Rf5 73. Nh5 Rf7 74. Nf4 Kf6 75. Kh5 Kg7 76. Kg4 Re7 77. Kf3 Re5 78.
Nd3 Ra5 79. Nf4 h5 80. Kf2 Kf6 81. Kf3 Re5 82. Nd3 Rf5+ 83. Ke4 Ra5 84. Nf4 Kg7
85. Kd4 Kh6 86. e4 Ra4+ 87. Kd5 Rb4 88. Ke5 Rb2 89. Kf5 Rh2 90. e5 Rxh4 91. e6
Kg7 92. Kg5 Rg4+ 93. Kf5 Rxf4+ 1/2-1/2

[Event "Europa Clubs Cup (Maenner)"]
[Site "Rethymnon (Kreta)"]
[Date "2003.10.02"]
[Round "5"]
[White "Roiz, Michael"]
[Black "Galkin, Alexander"]
[Result "1/2-1/2"]
[WhiteElo "2554"]
[BlackElo "2607"]
[PlyCount "37"]
[EventDate "2003.09.28"]

1. e4 c6 2. d4 d5 3. Nc3 dxe4 4. Nxe4 Nd7 5. Ng5 Ngf6 6. Bd3 e6 7. N1f3 Bd6 8.
Qe2 h6 9. Ne4 Nxe4 10. Qxe4 Qe7 11. O-O b6 12. Qg4 Kf8 13. b3 Bb7 14. Re1 Nf6
15. Qh4 c5 16. Ne5 cxd4 17. Qxd4 Bc5 18. Qf4 Bb4 19. Re2 1/2-1/2

[Event "Europa Clubs Cup (Maenner)"]
[Site "Rethymnon (Kreta)"]
[Date "2003.10.02"]
[Round "5"]
[White "Dreev, Alexey"]
[Black "Huzman, Alexander"]
[Result "1/2-1/2"]
[WhiteElo "2698"]
[BlackElo "2574"]
[PlyCount "137"]
[EventDate "2003.09.28"]

1. d4 Nf6 2. c4 e6 3. Nf3 d5 4. Nc3 Bb4 5. Bg5 h6 6. Bxf6 Qxf6 7. Qa4+ Nc6 8.
e3 O-O 9. Rc1 Qg6 10. h4 dxc4 11. h5 Bxc3+ 12. bxc3 Qf6 13. Bxc4 Bd7 14. Qd1
Rad8 15. Nd2 e5 16. Qf3 Qe7 17. O-O Kh8 18. Qg3 Na5 19. Be2 Rfe8 20. Nf3 Nc6
21. Rb1 b6 22. Bb5 e4 23. Nd2 Qd6 24. Qh4 f5 25. Qh2 Na5 26. Qxd6 cxd6 27. c4
Re7 28. Bxd7 Rexd7 29. Rb5 Rf7 30. f3 exf3 31. gxf3 Rc8 32. Rc1 Rfc7 33. Rxf5
Nxc4 34. Rxc4 Rxc4 35. Nxc4 Rxc4 36. Rf8+ Kh7 37. Kf2 Rc2+ 38. Kg3 Rxa2 39. e4
a5 40. Rb8 Rb2 41. Ra8 Ra2 42. Rb8 Rb2 43. Ra8 Ra2 44. d5 b5 45. f4 b4 46. e5
dxe5 47. fxe5 b3 48. e6 Re2 49. Rxa5 b2 50. Rb5 Re5 51. Rxb2 Rxd5 52. Kf4 g5+
53. Ke4 Rd1 54. Rb7+ Kg8 55. Kf5 Kf8 56. Rf7+ Ke8 57. Rh7 Rf1+ 58. Ke5 Re1+ 59.
Kf5 Rf1+ 60. Ke5 Re1+ 61. Kf6 Rf1+ 62. Kg7 Ke7 63. Rxh6 Rh1 64. Kg6 g4 65. Kf5
g3 66. Rh7+ Ke8 67. Rh8+ Ke7 68. Rh7+ Ke8 69. Ke4 1/2-1/2

[Event "Europa Clubs Cup (Maenner)"]
[Site "Rethymnon (Kreta)"]
[Date "2003.10.02"]
[Round "5"]
[White "Smirnov, Pavel"]
[Black "Filippov, Valerij"]
[Result "0-1"]
[WhiteElo "2629"]
[BlackElo "2630"]
[PlyCount "43"]
[EventDate "2003.09.28"]

1. e4 e6 2. d4 d5 3. Nc3 Nf6 4. e5 Nfd7 5. f4 c5 6. Nf3 Nc6 7. Be3 a6 8. Qd2 b5
9. a3 Bb7 10. Bd3 Qb6 11. Qf2 c4 12. Be2 b4 13. axb4 Nxb4 14. Rc1 h5 15. Ng5 g6
16. g4 hxg4 17. Bxg4 Nc6 18. O-O Ne7 19. h4 Nf5 20. h5 Be7 21. Ne2 f6 22. hxg6
0-1

[Event "Europa Clubs Cup (Maenner)"]
[Site "Rethymnon (Kreta)"]
[Date "2003.10.02"]
[Round "5"]
[White "Landa, Konstantin"]
[Black "Ivanov, Sergey"]
[Result "1/2-1/2"]
[WhiteElo "2614"]
[BlackElo "2556"]
[PlyCount "71"]
[EventDate "2003.09.28"]

1. d4 Nf6 2. Nf3 e6 3. c4 b6 4. g3 Ba6 5. b3 d5 6. cxd5 exd5 7. Bg2 Bb4+ 8. Bd2
Bd6 9. O-O O-O 10. Nc3 Re8 11. Re1 Bb7 12. Nb5 Bf8 13. Rc1 c6 14. Nc3 Nbd7 15.
Qc2 Rc8 16. Qb2 Qe7 17. Bh3 Rcd8 18. Bf4 Ne4 19. Nd2 Ndf6 20. Ndxe4 Nxe4 21.
Rc2 Qf6 22. Nd1 c5 23. dxc5 Bxc5 24. Qxf6 Nxf6 25. Nb2 Ba6 26. Kf1 Bb4 27. Bd2
Bxd2 28. Rxd2 Ne4 29. Rc2 d4 30. Bf5 Nc3 31. Bd3 Bb7 32. Nd1 Nd5 33. Rc4 Nf6
34. Rc7 Rd7 35. Rxd7 Nxd7 36. Nb2 1/2-1/2

[Event "Europa Clubs Cup (Maenner)"]
[Site "Rethymnon (Kreta)"]
[Date "2003.10.02"]
[Round "5"]
[White "Yemelin, Vasily"]
[Black "Pigusov, Evgeny"]
[Result "1-0"]
[WhiteElo "2550"]
[BlackElo "2576"]
[PlyCount "107"]
[EventDate "2003.09.28"]

1. e4 c5 2. Nf3 Nc6 3. d4 cxd4 4. Nxd4 g6 5. c4 Nf6 6. Nc3 d6 7. Be2 Nxd4 8.
Qxd4 Bg7 9. Bg5 O-O 10. Qd2 a5 11. f3 a4 12. Rc1 Be6 13. Rc2 Re8 14. Nb5 Bd7
15. O-O Bc6 16. Rd1 Qb8 17. c5 d5 18. Bxf6 Bxf6 19. exd5 Rd8 20. Bc4 Be5 21. d6
Bxb5 22. Bxb5 exd6 23. f4 Bg7 24. cxd6 Qa7+ 25. Qf2 Qa5 26. Rd5 Qb4 27. Rc4
Qxb2 28. Qxb2 Bxb2 29. Rxa4 Rxa4 30. Bxa4 Ra8 31. Bb5 f5 32. d7 Rd8 33. Rd2 Bf6
34. Re2 Kf7 35. Re8 Be7 36. Kf2 Ke6 37. Ke3 Kd6 38. Kd4 Bf6+ 39. Kc4 Be7 40. h3
h5 41. Rxe7 Kxe7 42. Kc5 g5 43. Kb6 Rg8 44. Kxb7 Kd8 45. a4 gxf4 46. Bc6 Rg3
47. Bf3 Rg7 48. a5 Rxd7+ 49. Kb8 Rd6 50. Bb7 Ke7 51. a6 Rxa6 52. Bxa6 f3 53.
gxf3 Kd6 54. Bb7 1-0

[Event "Europa Clubs Cup (Maenner)"]
[Site "Rethymnon (Kreta)"]
[Date "2003.10.03"]
[Round "6"]
[White "Timofeev, Artyom"]
[Black "Tseitlin, Mark"]
[Result "1-0"]
[WhiteElo "2575"]
[BlackElo "2456"]
[PlyCount "69"]
[EventDate "2003.09.28"]

1. e4 c5 2. Nf3 d6 3. d4 cxd4 4. Nxd4 Nf6 5. Nc3 Nc6 6. Bg5 e6 7. Qd2 a6 8.
O-O-O Be7 9. f3 Nxd4 10. Qxd4 b5 11. Kb1 Bb7 12. h4 Qc7 13. g4 Rc8 14. Be3 d5
15. g5 e5 16. Qd2 d4 17. gxf6 dxe3 18. fxg7 Rg8 19. Qxe3 Rxg7 20. Bh3 Rd8 21.
Rxd8+ Qxd8 22. Rd1 Qc7 23. Qh6 Bf8 24. Qh5 b4 25. Ne2 Bc6 26. Nc1 Ba4 27. b3
Bb5 28. Bg4 Bc5 29. Qh6 Bf8 30. Qh5 Bc5 31. Qh6 Bf8 32. Qf6 Rg6 33. Qf5 Bc5 34.
h5 Rc6 35. Rd7 1-0

[Event "Europa Clubs Cup (Maenner)"]
[Site "Rethymnon (Kreta)"]
[Date "2003.10.03"]
[Round "6"]
[White "Sokolov, Ivan"]
[Black "Macieja, Bartlomiej"]
[Result "1/2-1/2"]
[WhiteElo "2693"]
[BlackElo "2627"]
[PlyCount "59"]
[EventDate "2003.09.28"]

1. d4 Nf6 2. c4 e6 3. Nc3 Bb4 4. Qc2 c5 5. dxc5 O-O 6. a3 Bxc5 7. Nf3 b6 8. Bf4
Bb7 9. Rd1 Nc6 10. e3 Nh5 11. Bg5 Be7 12. Ne4 Na5 13. Bxe7 Qxe7 14. Nd6 Bxf3
15. gxf3 Rab8 16. b4 Nb7 17. Ne4 Rfd8 18. Be2 Nf6 19. Nc3 Rbc8 20. Qb3 Nd6 21.
O-O Rc6 22. Kh1 Rdc8 23. b5 Rc5 24. Na4 Rh5 25. Rg1 Nb7 26. Qb2 Nc5 27. Nxc5
Rhxc5 28. Rd2 Kf8 29. a4 Rxb5 30. axb5 1/2-1/2

[Event "Europa Clubs Cup (Maenner)"]
[Site "Rethymnon (Kreta)"]
[Date "2003.10.03"]
[Round "6"]
[White "Georgiev, Kiril"]
[Black "Krasenkow, Michal"]
[Result "0-1"]
[WhiteElo "2637"]
[BlackElo "2585"]
[PlyCount "104"]
[EventDate "2003.09.28"]

1. d4 Nf6 2. c4 g6 3. Nf3 Bg7 4. Nc3 d5 5. cxd5 Nxd5 6. e4 Nxc3 7. bxc3 c5 8.
Be3 Qa5 9. Qd2 Nc6 10. Rc1 cxd4 11. cxd4 Qxd2+ 12. Kxd2 O-O 13. d5 Rd8 14. Ke1
Na5 15. Bg5 Bd7 16. Bd3 f5 17. e5 Be8 18. d6 Rdc8 19. Kd2 exd6 20. exd6 Bf8 21.
Bf4 Rd8 22. Rhe1 Bf7 23. Ng5 Bxd6 24. Bxd6 Rxd6 25. Nxf7 Kxf7 26. Rc7+ Kf6 27.
Rxh7 Nc6 28. f4 Rad8 29. Re3 Nb4 30. Ree7 Rxd3+ 31. Ke2 Rd2+ 32. Ke1 Nc2+ 33.
Kf1 Rf8 34. Rxb7 Ne3+ 35. Ke1 Rxa2 36. g3 Ng4 37. Kf1 Nxh2+ 38. Kg1 Nf3+ 39.
Kf1 Nd2+ 40. Kg2 Ne4+ 41. Kh3 Ra3 42. Rxa7 Rxa7 43. Rxa7 Rh8+ 44. Kg2 Rc8 45.
Ra6+ Kg7 46. Ra7+ Kf6 47. Kh3 Rc3 48. Kh4 Rc1 49. Kh3 Rg1 50. Ra3 Rh1+ 51. Kg2
Rc1 52. Ra8 Rc3 0-1

[Event "Europa Clubs Cup (Maenner)"]
[Site "Rethymnon (Kreta)"]
[Date "2003.10.04"]
[Round "7"]
[White "Adams, Michael"]
[Black "Avrukh, Boris"]
[Result "1/2-1/2"]
[WhiteElo "2719"]
[BlackElo "2557"]
[PlyCount "82"]
[EventDate "2003.09.28"]

1. e4 c5 2. Nf3 d6 3. d4 cxd4 4. Nxd4 Nf6 5. Nc3 a6 6. Be3 e6 7. Qf3 Nbd7 8.
Be2 h5 9. Bg5 Qa5 10. Bd2 Qb6 11. Nb3 Qc7 12. a4 b6 13. Bg5 Bb7 14. Rd1 Be7 15.
Qe3 Nc5 16. Nd2 Rd8 17. O-O O-O 18. Rfe1 d5 19. exd5 exd5 20. Bf4 Bd6 21. Bxd6
Rxd6 22. Qg3 Rfd8 23. Bf1 h4 24. Qxh4 d4 25. Ncb1 Nxa4 26. Nc4 Rd5 27. b3 b5
28. bxa4 bxc4 29. Nd2 d3 30. cxd3 cxd3 31. Rc1 Qd7 32. Qb4 Rd4 33. Rc4 Nd5 34.
Qc5 Rxc4 35. Qxc4 Nb6 36. Qb4 Nd5 37. Qd4 Nf6 38. Qb6 Bc6 39. Qxa6 Bxa4 40. h3
Bc2 41. Qc4 Rc8 1/2-1/2

[Event "Europa Clubs Cup (Maenner)"]
[Site "Rethymnon (Kreta)"]
[Date "2003.10.04"]
[Round "7"]
[White "Greenfeld, Alon"]
[Black "Lautier, Joel"]
[Result "1/2-1/2"]
[WhiteElo "2556"]
[BlackElo "2677"]
[PlyCount "77"]
[EventDate "2003.09.28"]

1. d4 d5 2. c4 c6 3. Nf3 Nf6 4. e3 a6 5. Bd3 Bg4 6. Qb3 Bxf3 7. gxf3 Qc7 8. Nc3
dxc4 9. Bxc4 e6 10. Bd2 Be7 11. a4 O-O 12. a5 Nbd7 13. O-O e5 14. Ne2 exd4 15.
Nxd4 Ne5 16. Be2 Rad8 17. Bc3 Nd5 18. Kh1 Bf6 19. Rg1 Nxc3 20. bxc3 c5 21. Nf5
Rd2 22. Ng3 Rfd8 23. Ra2 Bh4 24. Nf5 Bf6 25. Ng3 c4 26. Qb1 Rxa2 27. Qxa2 Nd3
28. Ne4 Be7 29. Kg2 Rd6 30. Bxd3 Rxd3 31. Rb1 Rd5 32. Rb6 Rb5 33. Rxb5 axb5 34.
a6 bxa6 35. Qxa6 b4 36. cxb4 Bxb4 37. Nc3 h6 38. Nd5 Qc5 39. Nxb4 1/2-1/2

[Event "Europa Clubs Cup (Maenner)"]
[Site "Rethymnon (Kreta)"]
[Date "2003.10.04"]
[Round "7"]
[White "Vydeslaver, Alik"]
[Black "Fressinet, Laurent"]
[Result "0-1"]
[WhiteElo "2449"]
[BlackElo "2640"]
[PlyCount "80"]
[EventDate "2003.09.28"]

1. e4 c5 2. Nf3 Nc6 3. Bb5 g6 4. O-O Bg7 5. c3 Nf6 6. e5 Nd5 7. d4 cxd4 8. Bxc6
dxc6 9. Qxd4 Bf5 10. Na3 h6 11. h3 g5 12. Re1 Nb6 13. h4 g4 14. Qf4 gxf3 15.
Qxf5 fxg2 16. Qg4 Kf8 17. e6 Qd5 18. c4 Qd3 19. exf7 Nd7 20. Bf4 Nf6 21. Qe6
Qd7 22. Qe3 Kxf7 23. Rad1 Qf5 24. Qxe7+ Kg6 25. Qe3 Rae8 26. Qg3+ Kh7 27. Rxe8
Rxe8 28. Be3 Ne4 29. Qf4 Qh3 30. Qh2 Qf3 31. Rd7 Nf6 32. Rxg7+ Kxg7 33. Qxg2+
Qxg2+ 34. Kxg2 a6 35. Kf3 Kg6 36. b3 Rf8 37. Ke2 Ng4 38. Bb6 Kh5 39. Nc2 Kxh4
40. Ne1 Re8+ 0-1

[Event "Europa Clubs Cup (Maenner)"]
[Site "Rethymnon (Kreta)"]
[Date "2003.10.04"]
[Round "7"]
[White "Bologan, Victor"]
[Black "Gelfand, Boris"]
[Result "0-1"]
[WhiteElo "2650"]
[BlackElo "2695"]
[PlyCount "106"]
[EventDate "2003.09.28"]

1. e4 c5 2. Nf3 d6 3. d4 cxd4 4. Nxd4 Nf6 5. Nc3 a6 6. Be3 e6 7. Be2 Qc7 8. a3
b5 9. g4 Bb7 10. f3 h6 11. Qd2 Nbd7 12. O-O-O d5 13. exd5 Bxd5 14. Kb1 b4 15.
Nxd5 Nxd5 16. a4 N7b6 17. a5 Na4 18. Nb3 Nxb2 19. Kxb2 Qc3+ 20. Qxc3 bxc3+ 21.
Kb1 Nxe3 22. Rd4 Ba3 23. f4 O-O 24. Bf3 Rad8 25. Ra4 Be7 26. Re1 Nd5 27. Rc4
Rd6 28. f5 Bh4 29. Re2 exf5 30. gxf5 Bf6 31. Ka2 Rb8 32. Ka3 Be7 33. Ka4 Bf8
34. Ree4 Ne7 35. Rf4 g6 36. fxg6 Nxg6 37. Rf5 Bg7 38. Re5 Nxe5 39. Rxc3 Rdd8
40. Re3 Nxf3 41. Rxf3 Bf8 42. Rf4 Rd5 43. Rg4+ Rg5 44. Rxg5+ hxg5 45. c3 Kg7
46. h3 Kg6 47. Nd4 Rc8 48. Nc2 f5 49. Nb4 Ra8 50. Nxa6 Rxa6 51. Kb5 Re6 52. a6
Re5+ 53. Kc6 Bc5 0-1

[Event "Europa Clubs Cup (Maenner)"]
[Site "Rethymnon (Kreta)"]
[Date "2003.10.04"]
[Round "7"]
[White "Azmaiparashvili, Zurab"]
[Black "Akopian, Vladimir"]
[Result "1/2-1/2"]
[WhiteElo "2702"]
[BlackElo "2703"]
[PlyCount "28"]
[EventDate "2003.09.28"]

1. d4 Nf6 2. c4 e6 3. Nf3 b6 4. g3 Ba6 5. b3 Bb4+ 6. Bd2 Be7 7. Bg2 c6 8. Bc3
d5 9. Nbd2 Nbd7 10. O-O O-O 11. Re1 c5 12. e4 dxe4 13. Nxe4 Nxe4 14. Rxe4 Bb7
1/2-1/2

[Event "Europa Clubs Cup (Maenner)"]
[Site "Rethymnon (Kreta)"]
[Date "2003.10.04"]
[Round "7"]
[White "Aleksandrov, Aleksej"]
[Black "Nedev, Traijce"]
[Result "1-0"]
[WhiteElo "2659"]
[BlackElo "2480"]
[PlyCount "47"]
[EventDate "2003.09.28"]

1. d4 Nf6 2. c4 g6 3. Nc3 d5 4. Bf4 Bg7 5. e3 c5 6. dxc5 Qa5 7. Rc1 dxc4 8.
Bxc4 Qxc5 9. Nb5 Qb4+ 10. Kf1 O-O 11. a3 Qa5 12. b4 Qa6 13. Nc7 Qxa3 14. Nxa8
Nc6 15. Ne2 e5 16. Bg3 Qxb4 17. Nc7 Rd8 18. Qb3 Qd2 19. f3 Na5 20. Bxf7+ Kf8
21. Qa2 Nc6 22. Ne6+ Bxe6 23. Qxd2 Rxd2 24. Bxe6 1-0

[Event "Europa Clubs Cup (Maenner)"]
[Site "Rethymnon (Kreta)"]
[Date "2003.10.04"]
[Round "7"]
[White "Fedorov, Alexei"]
[Black "Jacimovic, Dragoljub"]
[Result "1/2-1/2"]
[WhiteElo "2595"]
[BlackElo "2446"]
[PlyCount "37"]
[EventDate "2003.09.28"]

1. e4 e6 2. d4 d5 3. Nc3 Bb4 4. e5 c5 5. a3 Bxc3+ 6. bxc3 Qa5 7. Bd2 Qa4 8. Qb1
c4 9. Nh3 f6 10. Be2 Nc6 11. O-O fxe5 12. dxe5 Nce7 13. f4 h6 14. Bh5+ g6 15.
Bf3 Bd7 16. Nf2 O-O-O 17. Ng4 Kb8 18. Be3 Bc8 19. Qb2 1/2-1/2

[Event "Europa Clubs Cup (Maenner)"]
[Site "Rethymnon (Kreta)"]
[Date "2003.10.04"]
[Round "7"]
[White "Palac, Mladen"]
[Black "Stojanovski, Dejan"]
[Result "1/2-1/2"]
[WhiteElo "2440"]
[BlackElo "2561"]
[PlyCount "41"]
[EventDate "2003.09.28"]

1. e4 c5 2. Nf3 d6 3. d4 cxd4 4. Nxd4 Nf6 5. Nc3 a6 6. Be3 e5 7. Nb3 Be6 8. f3
Be7 9. Qd2 O-O 10. O-O-O Nbd7 11. g4 Qc7 12. Kb1 b5 13. g5 Nh5 14. Nd5 Bxd5 15.
exd5 Nb6 16. Na5 Nxd5 17. Qxd5 Qxa5 18. c4 Rab8 19. Rg1 g6 20. cxb5 axb5 21.
Bd3 1/2-1/2